000 00267nam a22001097a 4500
008 170125b xxu||||| |||| 00| 0 eng d
020 _a9780941406291
041 _aeng
080 _26TH
_a61
245 _aCOMPLETE PREPARATION FOR THE MCAT
_cHASSAN, A.S
942 _2udc
_cBK
999 _c3667
_d3667